ბათუმის შოთა რუსთაველის სახელმწიფო უნივერსიტეტის ბიბლიოთეკა

შუქბადრი სხივი მარადისობის : (ბიბ.ჩანაწერი № 57853)

000 -ლიდერი
ფიქსირებული სიგრძის საკონტროლო ველი 01623nam a22002537a 4500
003 - საკონტროლო ნომრის იდენტიფიკატორი
საკონტროლო ველი Ge_BSU
005 - ბოლო ოპერაციის თარიღი და დრო
საკონტროლო ველი 20210317170738.0
008 - ფიქსირებული სიგრძის მონაცემთა ელემენტები - ზოგადი ინფორმაცია
ფიქსირებული სიგრძის საკონტროლო ველი 210317s2019 ge ||||| |||| 00| 0 geo d
020 ## - წიგნის საერთაშორისო სტანდარტული ნომერი
International Standard Book Number 9789941808197
041 ## - ენის კოდი
Language code of text/sound track or separate title geo
080 ## - უნივერსალური ათობითი კლასიფიკაციის ინდექსი
Universal Decimal Classification number 821.353.1-1 ა-85
100 ## - მთავარი ჩანაწერი - პიროვნების სახელი
Personal name არძენაძე, გურამ
9 (RLIN) 10524
245 ## - ცნობა სათაურის შესახებ
Title შუქბადრი სხივი მარადისობის :
Remainder of title (რჩეული) /
Statement of responsibility, etc გურამ არძენაძე (არსენაძე) ; რედაქტორი ოთარ ფუტკარაძე ; წინასიტყვაობა ჯემალ ჯაყელი ; დიზაინერი მაია ჯაველიძე.
264 ## - წარმოების, გამოცემის, დისტრიბუციის და სხვა ცნობები
გამოცემის, წარმოების, დისტრიბუციის... ადგილი ბათუმი,
გამოცემის, წარმოების, დისტრიბუციის... თარიღი 2019.
300 ## - ფიზიკური აღწერა
Extent 326 გვ. ;
Other physical details 21 სმ.
500 ## - ზოგადი შენიშვნა
General note ეძღვნება შვილიშვილების - ანუკისა და ნინის ნათელ მომავალს.
წიგნი გამოიცა ამირან ბარამიძის ფინანსური დახმარებითა და მხარდაჭერით.
653 ## - INDEX TERM--UNCONTROLLED
Uncontrolled term ქართული პოეზია
653 ## - INDEX TERM--UNCONTROLLED
Uncontrolled term პოემები
653 ## - INDEX TERM--UNCONTROLLED
Uncontrolled term ლექსები
700 ## - ADDED ENTRY--PERSONAL NAME
Personal name ჯაყელი, ჯემალ
Relator term წინასიტყვაობის ავტორი.
9 (RLIN) 4313
700 ## - ADDED ENTRY--PERSONAL NAME
Personal name ფუტკარაძე, ოთარ
Relator term რედაქტორი.
9 (RLIN) 1700
700 ## - ADDED ENTRY--PERSONAL NAME
Personal name ჯაველიძე, მაია
Relator term დიზაინერი
9 (RLIN) 10525
942 ## - ADDED ENTRY ELEMENTS (KOHA)
Source of classification or shelving scheme
Koha item type წიგნი
ეგზემპლარები
ჩამოწერის სტატუსი დაკარგული ეგზემპლარის სტატუსი კლასიფიკაციის წყარო ან თაროზე გაწყობის სქემა დაზიანების სტატუსი არ გაიცემა მუდმივი მდებარეობა (დაცვის ადგილი) ამჟამინდელი ადგილსამყოფელი თაროზე განთავსების ადგილი შეძენის თარიღი ღირებულება, შესყიდვის ნორმალური ფასი სრული შენახვის შიფრი შტრიხკოდი ბოლო ოპერაციის თარიღი ეგზემპლარის მიმდევრობითი ნომერი (კეტერი?) ფასის ძალაში შესვლის თარიღი ეგზემპლარის სახეობა საჯარო შენიშვნა
          ბათუმის შოთა რუსთაველის სახელმწიფო უნივერსიტეტის მთავარი ბიბლიოთეკა ბათუმის შოთა რუსთაველის სახელმწიფო უნივერსიტეტის მთავარი ბიბლიოთეკა წიგნსაცავი 2021-03-17 5.00 821.353.1-1 ა-85 61245 2021-03-17 61245 2021-03-17 წიგნი 5 ლ.